000
00328nam a2200157Ia 4500
100
_a
Clegg/Brian
942
_c
BK
366
_f
20
654
_a
time management
245
_a
Just in time-Time Management
260
_b
Kogan Page
_c
1999
082
_a
658.4093/CLE
_b
CLE
300
_a
119
546
_a
ENGLISH
999
_c
22785
_d
22785